Missing Word: ABC Shows (1970s) Quiz Stats

Quiz Updated Oct 14, 2016

Challenge
Share
Tweet
Embed
Score 0/20 Timer 02:00
3 Plays Today
Television Series Missing Word % Correct
Starsky and _____Hutch
96.4%
_____ FuKung
94.4%
Good _____ AmericaMorning
93.9%
The _____ BoatLove
92.7%
The _____ Bunch HourBrady
92.6%
The _____ CoupleOdd
90.5%
____ GalacticaBattlestar
89.9%
Laverne & _____Shirley
88.7%
All My _____Children
88%
_____ & MindyMork
87.2%
Television Series Missing Word % Correct
Fantasy _____Island
84.8%
_____ DaysHappy
84.6%
____ to HartHart
83.7%
The _____ Million Dollar ManSix
80.1%
Welcome Back, ____Kotter
76.8%
_____ Is EnoughEight
70.6%
Kolchak: The _____ StalkerNight
62%
The _____ of San FranciscoStreets
58.8%
Barney _____Miller
55.9%
The _____ FamilyPartridge or Smith
27.6%

Today's Daily Dose

Missing Word
Law Misconceptions

Word Ladder
Easy Math

On This Day
January 20th

You're not logged in!

Compare scores with friends on all Sporcle quizzes.
Sign Up with Email
OR
Log In

You Might Also Like...

Show Comments

Extras

Top Quizzes Today


Score Distribution

Your Account Isn't Verified!

In order to create a playlist on Sporcle, you need to verify the email address you used during registration. Go to your Sporcle Settings to finish the process.